| 000 | 00530nam a22001457a 4500 | ||
|---|---|---|---|
| 003 | macl | ||
| 005 | 20180605163906.0 | ||
| 008 | 180605b xxu||||| |||| 00| 0 eng d | ||
| 040 | _cmacl | ||
| 100 |
_aसिंंह, संजय कुमार _972722 |
||
| 245 | _aभारतीय राजनीति के युगदृष्टा श्री अटल बिहारी वाजपेयी | ||
| 260 |
_aनई दिल्ली _bयश _c2015 |
||
| 650 |
_aजीवनी _97943 |
||
| 942 |
_2ddc _cHIN |
||
| 999 |
_c58206 _d58206 |
||